000 01648cam a2200337 a 4500
001 16706994
003 OSt
005 20180116192431.0
008 110325s2012 waua b s001 0 eng
010 _a 2011013343
020 _a9780295991559 (cloth : alk. paper)
040 _aDLC
_cDLC
_dDLC
042 _apcc
043 _an-us-wa
050 0 0 _aTT194
_b.O25 2012
082 0 0 _a684.107
_222
100 1 _aOchsner, Jeffrey Karl.
_98182
245 1 0 _aFurniture studio :
_bmaterials, craft, and architecture /
_cJeffrey Karl Ochsner.
250 _a1st ed.
260 _aSeattle [Wash.] ;
_aLondon :
_bUniversity of Washington Press,
_c2012.
300 _axv, 278 p. :
_bcol. ill. ;
_c25 cm.
504 _aIncludes bibliographical references (p. 239-265) and index.
505 0 _aIntroduction: the reality of making -- Origins: building a program -- One quarter: winter 2009 -- Interpreting a pedagogy: furniture and architecture -- Examples of excellence: selected projects, 1989-2009 -- Beyond the university: continuing influence -- The future: furniture studio after 2009 -- Appendix A. Furniture Fest, 2009 -- Appendix B. Award-winning projects, 1990-2010.
600 1 0 _aVanags, Andris,
_d1942-
_98183
610 2 0 _aUniversity of Washington.
_bDepartment of Architecture.
_98184
650 0 _aFurniture making
_xStudy and teaching
_zWashington (State)
_zSeattle.
_98185
650 0 _aFurniture design
_xStudy and teaching
_zWashington (State)
_zSeattle.
_98186
906 _a7
_bcbc
_corignew
_d1
_eecip
_f20
_gy-gencatlg
942 _2ddc
_cBK
999 _c354102
_d354102